Phương pháp điều khiển độ dẫn điện của khí điện tử hai chiều tại bề mặt tiếp xúc giữa hai lớp điện môi LaAIO3/SrTiO3 bằng lớp phân cực Pb(ZrxTi1-x)O3 : Luận văn Thạc sĩ Vật lý. Chuyên ngành Vật lý lý thuyết và Vật lý toán
Đề tài nghiên cứu lý thuyết về sự hình thành của khí điện tử hai chiều tại bề mặt tiếp xúc của hai lớp điện môi LaAIO3/SrTiO3 và cấu trúc vùng năng lượng, tìm hiểu phương pháp dùng vật liệu phân cực PZT để điều khiển độ dẫn điện...
Bewaard in:
| Hoofdauteur: | |
|---|---|
| Formaat: | Boek |
| Taal: | Undetermined |
| Gepubliceerd in: |
Cần Thơ
Trường Đại học Cần Thơ
2015
|
| Onderwerpen: | |
| Tags: |
Voeg label toe
Geen labels, Wees de eerste die dit record labelt!
|
| Thư viện lưu trữ: | Trung tâm Học liệu Trường Đại học Cần Thơ |
|---|
| LEADER | 01480nam a2200205Ia 4500 | ||
|---|---|---|---|
| 001 | CTU_203538 | ||
| 008 | 210402s9999 xx 000 0 und d | ||
| 082 | |a 537.6226 | ||
| 082 | |b H116 | ||
| 100 | |a Nguyễn, Thị Thanh Hằng | ||
| 245 | 0 | |a Phương pháp điều khiển độ dẫn điện của khí điện tử hai chiều tại bề mặt tiếp xúc giữa hai lớp điện môi LaAIO3/SrTiO3 bằng lớp phân cực Pb(ZrxTi1-x)O3 : | |
| 245 | 0 | |b Luận văn Thạc sĩ Vật lý. Chuyên ngành Vật lý lý thuyết và Vật lý toán | |
| 245 | 0 | |c Nguyễn Thị Thanh Hằng ; Vũ Thanh Trà (Cán bộ hướng dẫn) | |
| 260 | |a Cần Thơ | ||
| 260 | |b Trường Đại học Cần Thơ | ||
| 260 | |c 2015 | ||
| 520 | |a Đề tài nghiên cứu lý thuyết về sự hình thành của khí điện tử hai chiều tại bề mặt tiếp xúc của hai lớp điện môi LaAIO3/SrTiO3 và cấu trúc vùng năng lượng, tìm hiểu phương pháp dùng vật liệu phân cực PZT để điều khiển độ dẫn điện của khí điện tử hai chiều tại bề mặt tiếp xúc giữa hai vật liệu điện môi LAO/STO. | ||
| 650 | |a Khí điện tử,Electron gas | ||
| 904 | |i Hải | ||
| 980 | |a Trung tâm Học liệu Trường Đại học Cần Thơ | ||